2021 Tennis Grand Slam Upsets - Statistics

General Stats
  • This quiz has been taken 35 times
    33 since last reset
  • The average score is 52 of 161
Answer Stats
Grand Slam M/W Round Player Defeated Seed Player That Won Seed % Correct
U.S. Open Men's Final Novak Djokovic 1 Daniil Medvedev 2
74%
Australian Open Men's Fourth Dominic Thiem 3 Grigor Dimitrov 18
68%
French Open Men's Second Nikoloz Basilashvili 28 Carlos Alcaraz -
65%
U.S. Open Men's First Cameron Norrie 26 Carlos Alcaraz -
65%
U.S. Open Men's Third Stefanos Tsitsipas 3 Carlos Alcaraz -
65%
Australian Open Men's Quarters Rafael Nadal 2 Stefanos Tsitsipas 5
65%
French Open Men's Quarters Daniil Medvedev 2 Stefanos Tsitsipas 5
65%
Australian Open Men's Third Diego Schwartzman 8 Aslan Karatsev -
55%
Australian Open Men's Fourth Felix Auger-Aliassime 20 Aslan Karatsev -
55%
Australian Open Men's Quarters Grigor Dimitrov 18 Aslan Karatsev -
55%
Australian Open Men's Second Ugo Humbert 29 Nick Kyrgios -
55%
Wimbledon Men's First Ugo Humbert 21 Nick Kyrgios -
55%
Wimbledon Men's Fourth Daniil Medvedev 2 Hubert Hurkacz 14
52%
Wimbledon Men's Quarters Roger Federer 6 Hubert Hurkacz 14
52%
U.S. Open Men's First Alex De Minaur 14 Taylor Fritz -
52%
U.S. Open Women's Quarters Belinda Bencic 11 Emma Raducanu -
48%
U.S. Open Women's Semis Maria Sakkari 17 Emma Raducanu -
48%
Australian Open Men's Third Denis Shapovalov 11 Felix Auger-Aliassime 20
48%
Wimbledon Men's Fourth Alexander Zverev 4 Felix Auger-Aliassime 16
48%
Australian Open Women's Fourth Aryna Sabalenka 7 Serena Williams 10
48%
Australian Open Women's Quarters Simona Halep 2 Serena Williams 10
48%
U.S. Open Women's Fourth Iga Swiatek 7 Belinda Bencic 11
45%
Wimbledon Men's Fourth Roberto Bautista Agut 8 Denis Shapovalov 10
45%
Wimbledon Men's First Stefanos Tsitsipas 3 Frances Tiafoe -
45%
U.S. Open Men's Third Andrey Rublev 5 Frances Tiafoe -
45%
French Open Men's First David Goffin 13 Lorenzo Musetti -
45%
French Open Women's Fourth Marketa Vondrousova 22 Paula Badosa 33
45%
Wimbledon Women's Fourth Cori "Coco" Gauff 20 Angelique Kerber 25
42%
Wimbledon Women's Quarters Karolina Muchova 19 Angelique Kerber 25
42%
French Open Women's Fourth Serena Williams 7 Elena Rybakina 21
42%
Australian Open Women's Third Karolina Pliskova 6 Karolina Muchova 25
42%
Australian Open Women's Fourth Elise Mertens 18 Karolina Muchova 25
42%
Australian Open Women's Quarters Ashleigh Barty 1 Karolina Muchova 25
42%
Wimbledon Women's Third Anastasia Pavlyuchenkova 16 Karolina Muchova 19
42%
U.S. Open Women's Third Naomi Osaka 3 Leylah Fernandez -
42%
U.S. Open Women's Fourth Angelique Kerber 16 Leylah Fernandez -
42%
U.S. Open Women's Quarters Elina Svitolina 5 Leylah Fernandez -
42%
U.S. Open Women's Semis Aryna Sabalenka 2 Leylah Fernandez -
42%
Wimbledon Women's Third Elise Mertens 13 Madison Keys 23
42%
French Open Women's Third Elise Mertens 14 Maria Sakkari 17
42%
French Open Women's Fourth Sofia Kenin 4 Maria Sakkari 17
42%
French Open Women's Quarters Iga Swiatek 8 Maria Sakkari 17
42%
U.S. Open Women's Third Petra Kvitova 10 Maria Sakkari 17
42%
U.S. Open Women's Fourth Bianca Andreescu 6 Maria Sakkari 17
42%
U.S. Open Women's Quarters Karolina Pliskova 4 Maria Sakkari 17
42%
Wimbledon Men's First Nikoloz Basilashvili 24 Andy Murray -
39%
Australian Open Women's Third Belinda Bencic 11 Elise Mertens 18
39%
Australian Open Women's First Victoria Azarenka 12 Jessica Pegula -
39%
Australian Open Women's Fourth Elina Svitolina 5 Jessica Pegula -
39%
Wimbledon Women's Semis Aryna Sabalenka 2 Karolina Pliskova 8
39%
French Open Women's Third Aryna Sabalenka 3 Anastasia Pavlyuchenkova 31
35%
French Open Women's Fourth Victoria Azarenka 15 Anastasia Pavlyuchenkova 31
35%
French Open Women's Quarters Elena Rybakina 21 Anastasia Pavlyuchenkova 31
35%
French Open Men's First Felix Auger-Aliassime 20 Andreas Seppi -
35%
U.S. Open Men's Second Hubert Hurkacz 10 Andreas Seppi -
35%
French Open Women's Second Ekaterina Alexandrova 32 Barbora Krejcikova -
35%
French Open Women's Third Elina Svitolina 5 Barbora Krejcikova -
35%
French Open Women's Quarters Cori "Coco" Gauff 24 Barbora Krejcikova -
35%
French Open Women's Semis Maria Sakkari 17 Barbora Krejcikova -
35%
French Open Women's Final Anastasia Pavlyuchenkova 31 Barbora Krejcikova -
35%
French Open Women's Second Belinda Bencic 10 Daria Kasatkina -
35%
Australian Open Men's First Daniel Evans 30 Cameron Norrie -
35%
Wimbledon Women's First Anett Kontaveit 24 Marketa Vondrousova -
35%
Wimbledon Women's Third Garbine Muguruza 11 Ons Jabeur 21
35%
Wimbledon Women's Fourth Iga Swiatek 7 Ons Jabeur 21
35%
Wimbledon Men's First Alex De Minaur 15 Sebastian Korda -
35%
Wimbledon Men's Third Daniel Evans 22 Sebastian Korda -
35%
French Open Men's Third Casper Ruud 15 Alejandro Davidovich Fokina -
32%
Wimbledon Men's Second Grigor Dimitrov 18 Alexander Bublik -
32%
French Open Men's First Hubert Hurkacz 19 Botic van de Zandschulp -
32%
U.S. Open Men's Second Casper Ruud 8 Botic van de Zandschulp -
32%
U.S. Open Men's Fourth Diego Schwartzman 11 Botic van de Zandschulp -
32%
U.S. Open Men's Second Alexander Bublik 31 Jack Sock -
32%
Australian Open Women's Second Sofia Kenin 4 Kaia Kanepi -
32%
U.S. Open Women's First Yulia Putintseva 31 Kaia Kanepi -
32%
French Open Women's First Petra Martic 22 Camila Giorgi -
29%
Australian Open Women's Second Petra Kvitova 9 Sorana Cirstea -
29%
French Open Men's First Lorenzo Sonego 26 Lloyd Harris -
29%
U.S. Open Men's First Karen Khachanov 25 Lloyd Harris -
29%
U.S. Open Men's Third Denis Shapovalov 7 Lloyd Harris -
29%
U.S. Open Men's Fourth Reilly Opelka 22 Lloyd Harris -
29%
Australian Open Men's Second Stan Wawrinka 17 Marton Fucsovics -
29%
Wimbledon Men's First Jannik Sinner 19 Marton Fucsovics -
29%
Wimbledon Men's Third Diego Schwartzman 9 Marton Fucsovics -
29%
Wimbledon Men's Fourth Andrey Rublev 5 Marton Fucsovics -
29%
French Open Women's Second Karolina Pliskova 9 Sloane Stephens -
29%
French Open Women's Third Karolina Muchova 18 Sloane Stephens -
29%
Wimbledon Women's First Petra Kvitova 10 Sloane Stephens -
29%
U.S. Open Women's Second Cori "Coco" Gauff 21 Sloane Stephens -
29%
French Open Women's First Johanna Konta 19 Sorana Cirstea -
29%
Wimbledon Women's Second Victoria Azarenka 12 Sorana Cirstea -
29%
U.S. Open Women's First Veronika Kudermetova 29 Sorana Cirstea -
29%
Wimbledon Women's First Bianca Andreescu 5 Alize Cornet -
26%
Australian Open Women's First Shuai Zhang 31 Ann Li -
26%
U.S. Open Men's First John Isner 19 Brandon Nakashima -
26%
Australian Open Men's First Gael Monfils 10 Emil Ruusuvuori -
26%
French Open Men's Third Fabio Fognini 27 Federico Delbonis -
26%
Australian Open Men's Second Lorenzo Sonego 31 Feliciano Lopez -
26%
Wimbledon Women's Second Petra Martic 26 Irina-Camelia Begu -
26%
Wimbledon Women's Second Daria Kasatkina 31 Jelena Ostapenko -
26%
French Open Women's Second Veronika Kudermetova 29 Katerina Siniakova -
26%
French Open Men's Second Karen Khachanov 23 Kei Nishikori -
26%
Australian Open Women's First Maria Sakkari 20 Kristina Mladenovic -
26%
Wimbledon Women's Second Jessica Pegula 22 Liudmilla Samsonova -
26%
French Open Men's Second Alex De Minaur 21 Marco Cecchinato -
26%
Australian Open Men's First Hubert Hurkacz 26 Mikael Ymer -
26%
French Open Men's Second Gael Monfils 14 Mikael Ymer -
26%
French Open Men's First Daniel Evans 25 Miomir Kecmanovic -
26%
French Open Women's First Bianca Andreescu 6 Tamara Zidansek -
26%
French Open Women's Quarters Paula Badosa 33 Tamara Zidansek -
26%
U.S. Open Women's Second Petra Martic 30 Ajla Tomljanovic -
23%
Wimbledon Women's Second Elina Svitolina 3 Magda Linette -
23%
French Open Men's First Dominic Thiem 4 Pablo Andujar -
23%
Australian Open Women's Second Elena Rybakina 17 Fiona Ferro -
23%
French Open Men's First Andrey Rublev 7 Jan-Lennard Struff -
23%
U.S. Open Men's Third Aslan Karatsev 21 Jenson Brooksby -
23%
Wimbledon Men's First Casper Ruud 12 Jordan Thompson -
23%
Australian Open Men's Second Borna Coric 22 Mackenzie McDonald -
23%
U.S. Open Men's First David Goffin 27 Mackenzie McDonald -
23%
French Open Men's First Grigor Dimitrov 16 Marcos Giron -
23%
U.S. Open Men's First Pablo Carreno Busta 9 Maxime Cressy -
23%
Wimbledon Men's Second Gael Monfils 13 Pedro Martinez -
23%
U.S. Open Women's First Karolina Muchova 22 Sara Sorribes Tormo -
23%
U.S. Open Men's First Fabio Fognini 28 Vasek Pospisil -
23%
Australian Open Men's First David Goffin 13 Alexei Popyrin -
19%
Australian Open Women's First Angelique Kerber 23 Bernarda Pera -
19%
U.S. Open Men's First Filip Krajinovic 32 Guido Pella -
19%
U.S. Open Men's First Ugo Humbert 23 Peter Gojowczyk -
19%
French Open Men's Second Taylor Fritz 30 Dominik Koepfer -
19%
Australian Open Men's First Benoit Paire 25 Egor Gerasimov -
19%
U.S. Open Men's First Alejandro Davidovich Fokina 29 Marco Trungelliti -
19%
French Open Women's First Garbine Muguruza 12 Marta Kostyuk -
19%
Wimbledon Women's First Kiki Bertens 17 Marta Kostyuk -
19%
French Open Men's Second Aslan Karatsev 24 Philipp Kohlschreiber -
19%
Australian Open Men's First Roberto Bautista Agut 12 Radu Albot -
19%
French Open Men's First Ugo Humbert 29 Ricardas Berankis -
19%
Wimbledon Men's First Pablo Carreno Busta 11 Sam Querrey -
19%
Australian Open Women's First Qiang Wang 30 Sara Errani -
19%
Australian Open Women's Third Anett Kontaveit 21 Shelby Rogers -
19%
Wimbledon Women's Second Maria Sakkari 15 Shelby Rogers -
19%
U.S. Open Women's Third Ashleigh Barty 1 Shelby Rogers -
19%
Australian Open Women's Second Bianca Andreescu 8 Su-Wei Hsieh -
19%
Australian Open Women's Fourth Marketa Vondrousova 19 Su-Wei Hsieh -
19%
Wimbledon Women's First Alison Riske 28 Tereza Martincova -
19%
U.S. Open Women's Second Paula Badosa 24 Varvara Gracheva -
19%
Wimbledon Men's First John Isner 28 Yoshihito Nishioka -
19%
Australian Open Women's First Alison Riske 24 Anastasia Potapova -
16%
French Open Women's First Angelique Kerber 26 Anhelina Kalinina -
16%
French Open Men's Second Roberto Bautista Agut 11 Henri Laaksonen -
16%
U.S. Open Men's Second Cristian Garin 16 Henri Laaksonen -
16%
Wimbledon Women's First Belinda Bencic 9 Kaja Juvan -
16%
U.S. Open Women's Second Ekaterina Alexandrova 32 Kamilla Rakhimova -
16%
Australian Open Women's First Petra Martic 16 Olga Danilovic -
16%
U.S. Open Men's First Lorenzo Sonego 20 Oscar Otte -
16%
Wimbledon Women's First Veronika Kudermetova 29 Viktorija Golubic -
16%
Wimbledon Women's Fourth Madison Keys 23 Viktorija Golubic -
16%
Wimbledon Men's First Alejandro Davidovich Fokina 30 Denis Kudla -
13%
Wimbledon Men's First Aslan Karatsev 20 Jeremy Chardy -
13%
Wimbledon Women's Second Sofia Kenin 4 Madison Brengle -
13%
Wimbledon Women's Second Ekaterina Alexandrova 32 Maria Camila Osorio Serrano -
13%
French Open Women's First Kiki Bertens 16 Polona Hercog -
13%
No matching quizzes found
Score Distribution
Percent of People with Each Score
Percentile by Number Answered
Your Score History
You have not taken this quiz since the last reset